[Event "Women's Speed Chess Q3"]
[Site "chess.com INT"]
[Date "2021.05.30"]
[Round "20"]
[White "Swati, Mohota"]
[Black "Havanecz, Bianka"]
[Result "0-1"]
[WhiteTitle "WFM"]
[BlackTitle "WIM"]
[WhiteElo "2027"]
[BlackElo "2257"]
[WhiteFideId "5006511"]
[BlackFideId "704814"]
[EventDate "2021.05.30"]

1. d4 c6 2. c4 d5 3. Nf3 Nf6 4. e3 Bg4 5. Be2 Bxf3 6. Bxf3 e6 7. Nd2 Bd6 8. O-O
O-O 9. e4 dxe4 10. Nxe4 Nxe4 11. Bxe4 Nd7 12. Be3 Nf6 13. Bf3 a5 14. Qc2 a4 15.
Rad1 Qc7 16. g3 Rfd8 17. c5 Be7 18. Bf4 Qa5 19. Bd2 Qa7 20. Be3 Nd5 21. Rfe1 Bf6
22. a3 Rd7 23. Be4 g6 24. Kg2 Rad8 25. h4 Ne7 26. Rd2 Nd5 27. Red1 Nxe3+ 28.
fxe3 Qb8 29. h5 Bg5 30. Kf3 Bxe3 31. Kxe3 Qxg3+ 32. Bf3 Qg5+ 33. Kf2 Qh4+ 34.
Kg2 Rxd4 35. Rxd4 Rxd4 36. Rxd4 Qxd4 37. Qf2 Qf4 38. hxg6 hxg6 39. Qg3 Qd2+ 40.
Qf2 Qg5+ 41. Kf1 Qe5 42. Bd1 g5 43. Bxa4 Qe4 44. Bc2 Qc4+ 45. Qe2 Qf4+ 46. Qf2
Qc1+ 47. Kg2 Kg7 48. Bd3 f5 0-1

[Event "Women's Speed Chess Q3"]
[Site "chess.com INT"]
[Date "2021.05.30"]
[Round "20"]
[White "Nanditha, V"]
[Black "Golubeva, Oksana"]
[Result "0-1"]
[WhiteTitle "WCM"]
[BlackTitle "WFM"]
[WhiteElo "1666"]
[BlackElo "2179"]
[WhiteFideId "46626697"]
[BlackFideId "4170164"]
[EventDate "2021.05.30"]

1. e4 e6 2. d4 d5 3. exd5 exd5 4. Nf3 Nc6 5. Bd3 Bg4 6. c3 Bd6 7. Be3 Qd7 8.
Nbd2 Nge7 9. Qc2 Bf5 10. O-O-O Bxd3 11. Qxd3 Qf5 12. Qc2 O-O-O 13. Rhe1 f6 14.
h3 Qxc2+ 15. Kxc2 h5 16. Nb3 h4 17. Re2 Nf5 18. Rde1 b6 19. Nc1 Kd7 20. Nd3 Rde8
21. Bf4 Rxe2+ 22. Rxe2 Re8 23. Kd2 Rxe2+ 24. Kxe2 Na5 25. Bxd6 Kxd6 26. Kd2 Nc4+
27. Kc2 c5 28. Kc1 Na5 29. Kc2 Nc6 30. dxc5+ bxc5 31. Nf4 Ne5 32. Ne1 g5 33. Ne2
d4 34. cxd4 cxd4 35. Kd2 Kd5 36. f4 Nc4+ 37. Kc1 d3 38. Nxd3 Ke4 39. Ne1 Ke3 40.
Nc3 Kxf4 41. b3 Nce3 42. Kd2 Ng3 43. Kd3 Ngf1 44. Ne2+ Ke5 45. Nc1 Nd5 46. Nf3+
Kf4 47. Nd4 Kg3 48. Ne6 Kxg2 49. Ke2 Kxh3 50. Nd3 Ng3+ 51. Kf3 g4+ 52. Kf2 Ne4+
53. Kg1 g3 54. Nd4 Kg4 55. Ne1 f5 56. Ng2 f4 57. Ne1 Nb4 58. a3 Nd5 59. b4 h3
60. b5 h2+ 61. Kg2 Ne3+ 62. Kh1 Nf2# 0-1

[Event "Women's Speed Chess Q3"]
[Site "chess.com INT"]
[Date "2021.05.30"]
[Round "20"]
[White "Zhuravleva, Olga"]
[Black "Petrova, Irina"]
[Result "1-0"]
[WhiteTitle "WIM"]
[BlackTitle "WIM"]
[WhiteElo "2278"]
[BlackElo "2110"]
[WhiteFideId "4145933"]
[BlackFideId "14124122"]
[EventDate "2021.05.30"]

1. e4 d6 2. d4 Nf6 3. Bd3 e5 4. c3 Be7 5. Nd2 Nbd7 6. Ngf3 O-O 7. O-O c6 8. Re1
b5 9. h3 Bb7 10. Nf1 a6 11. Ng3 Re8 12. a4 Bf8 13. Nf5 exd4 14. cxd4 c5 15. Ng3
cxd4 16. Nxd4 Nc5 17. axb5 axb5 18. Rxa8 Qxa8 19. Nxb5 Nxd3 20. Qxd3 Nxe4 21.
Nc7 Qa5 22. Bd2 Qxc7 23. Nxe4 Bxe4 24. Rxe4 Rxe4 25. Qxe4 Qc5 26. Bc3 d5 27. Qe5
Qc4 28. g3 Qe4 29. Qd4 Qxd4 30. Bxd4 Bb4 31. Kf1 Kf8 32. Ke2 f6 33. Kd3 Ke7 34.
Be3 Kd6 35. Bf4+ Kc6 36. f3 Bc5 37. g4 g6 38. h4 h5 39. gxh5 gxh5 40. Bg3 Bg1
41. Kc3 Kb5 42. Kb3 d4 43. Be1 f5 44. Bd2 Bf2 45. Bg5 Be1 46. Bf6 d3 47. Bg5 Bf2
48. Kc3 d2 49. Kxd2 Kb4 50. Kc2 Kc4 51. Bf6 Kb4 52. b3 Be1 53. Be7+ Kb5 54. Kd3
Bg3 55. Kd4 1-0

[Event "Women's Speed Chess Q3"]
[Site "chess.com INT"]
[Date "2021.05.30"]
[Round "20"]
[White "Ribeiro, Regina"]
[Black "Zakirova, Aisha"]
[Result "0-1"]
[WhiteTitle "WIM"]
[BlackTitle "WCM"]
[WhiteElo "1920"]
[BlackElo "1585"]
[WhiteFideId "2100681"]
[BlackFideId "13719734"]
[EventDate "2021.05.30"]

1. Nf3 Nf6 2. b3 g6 3. Bb2 Bg7 4. e3 O-O 5. c4 d5 6. Nc3 c5 7. Nxd5 Nxd5 8. Bxg7
Nxe3 9. fxe3 Kxg7 10. Be2 Nc6 11. O-O Bf5 12. Nh4 Bd3 13. Bxd3 Qxd3 14. Qf3 Qxd2
15. Rad1 Qc3 16. Qg3 Qe5 17. Nf5+ Kh8 18. Qxe5+ Nxe5 19. Nxe7 Ng4 20. Rf3 Rae8
21. Nd5 Re4 22. h3 Ne5 23. Rf6 Nc6 24. Rd6 Nb4 25. a3 Nxd5 26. R6xd5 Rxe3 27.
Rxc5 Rxb3 28. Rd7 Rxa3 29. Rcc7 Rc3 30. Rxb7 Rxc4 31. Rxa7 Rf4 32. Kh2 Kg7 33.
Kg3 Rf6 34. h4 h5 35. Rdc7 Re8 36. Kh3 Re3+ 37. Kh2 Rf4 38. Re7 Rxh4+ 39. Kg1
Rxe7 40. Rxe7 Ra4 41. Rb7 g5 42. Kh2 Kg6 43. Rc7 f6 44. Rb7 g4 45. Rb8 Kg5 46.
Rg8+ Kf4 47. Rh8 Kf5 48. Rxh5+ Kg6 49. Rh8 f5 50. Rf8 Kg5 51. Rg8+ Kf4 52. Rf8
Ra2 53. Rf7 Rf2 54. Rf8 Rf1 55. Rf7 g3+ 56. Kh3 Rh1# 0-1

[Event "Women's Speed Chess Q3"]
[Site "chess.com INT"]
[Date "2021.05.30"]
[Round "20"]
[White "Putri, Regita Desyari"]
[Black "Zaichenko, Daria"]
[Result "0-1"]
[WhiteTitle "WFM"]
[BlackTitle "WFM"]
[WhiteElo "1897"]
[BlackElo "2104"]
[WhiteFideId "7109083"]
[BlackFideId "4197453"]
[EventDate "2021.05.30"]

1. d4 d5 2. c4 e6 3. Nf3 Be7 4. Nc3 Nf6 5. Bf4 c6 6. e3 O-O 7. Bd3 Nbd7 8. O-O
Nh5 9. Bg3 Nxg3 10. hxg3 f5 11. Rc1 Bd6 12. b3 Nf6 13. Qe2 Bd7 14. Ne5 Qe7 15.
f3 Rae8 16. e4 fxe4 17. fxe4 dxe4 18. Nxe4 Nxe4 19. Qxe4 g6 20. g4 Bxe5 21. Qxe5
Qh4 22. Be2 b6 23. Rf3 Rxf3 24. Bxf3 Rf8 25. Re1 Qf6 26. Qxf6 Rxf6 27. Kf2 Kg7
28. Ke3 c5 29. Rd1 cxd4+ 30. Rxd4 Rf7 31. g3 Kf6 32. Rf4+ Ke7 33. Rd4 e5 34. Rd1
g5 35. Rh1 Rxf3+ 36. Ke2 Rf7 37. Rh5 Kf6 38. Rh6+ Kg7 39. Rd6 Re7 40. Ke3 e4 41.
Rd5 Kg6 42. Rd6+ Kg7 43. Rd5 h6 44. Rd6 Bxg4 45. Rd8 Bf3 46. b4 Kf6 47. a4 Ke6
48. c5 bxc5 49. bxc5 Rc7 50. Re8+ Kd7 51. Rh8 Rxc5 52. Rxh6 Kc7 53. Rh5 Bxh5 0-1

[Event "Women's Speed Chess Q3"]
[Site "chess.com INT"]
[Date "2021.05.30"]
[Round "20"]
[White "Kanyamarala, Trisha"]
[Black "Nandhidhaa, P V"]
[Result "1-0"]
[WhiteTitle "WIM"]
[BlackTitle "WGM"]
[WhiteElo "2180"]
[BlackElo "2365"]
[WhiteFideId "45004722"]
[BlackFideId "5050847"]
[EventDate "2021.05.30"]

1. d4 Nf6 2. c4 e6 3. Nc3 Bb4 4. e3 d5 5. Qc2 O-O 6. Nf3 b6 7. cxd5 Nxd5 8. Be2
Bb7 9. O-O c5 10. a3 Bxc3 11. bxc3 cxd4 12. cxd4 Nf6 13. Ne5 Nbd7 14. Bf3 Bxf3
15. Nxf3 Rc8 16. Qe2 Ne4 17. Bb2 Ndf6 18. Rac1 Qd5 19. Ne5 h6 20. f3 Nd6 21. e4
Qb5 22. Qxb5 Nxb5 23. Nc6 Nd7 24. Ne7+ Kh7 25. Rxc8 Rxc8 26. Nxc8 Nf6 27. a4 Nc7
28. Nxa7 Na6 29. Nb5 Nb4 30. Ba3 Nd3 31. Rd1 Nf4 32. Nd6 g5 33. Kf2 g4 34. Nxf7
gxf3 35. gxf3 Kg6 36. Ne5+ Kh5 37. Rb1 Nh3+ 38. Ke3 Ng5 39. Rxb6 Kh4 40. Ng6+
Kh3 41. Nf4+ Kxh2 42. Rxe6 Nxe6 43. Nxe6 h5 44. Nf4 h4 45. Be7 Ng8 46. Bxh4 Nh6
47. Bg5 Nf7 48. Bf6 Nd6 49. d5 Nc4+ 50. Kd4 Na5 51. Be7 Kg3 52. Ne6 Kxf3 53. d6
Kg4 54. d7 Nc6+ 55. Kc5 Nxe7 56. d8=Q Ng6 57. Qg8 Kf3 58. Qxg6 Ke2 59. Nd4+ Kd1
60. a5 Kc1 61. a6 Kb1 62. a7 Kc1 1-0

[Event "Women's Speed Chess Q3"]
[Site "chess.com INT"]
[Date "2021.05.30"]
[Round "20"]
[White "Ambartsumova, Karina"]
[Black "Bodnaruk, Anastasia"]
[Result "0-1"]
[WhiteTitle "IM"]
[BlackTitle "IM"]
[WhiteElo "2382"]
[BlackElo "2457"]
[WhiteFideId "4166299"]
[BlackFideId "4181751"]
[EventDate "2021.05.30"]

1. Nf3 Nf6 2. d4 g6 3. g3 Bg7 4. Bg2 O-O 5. O-O d6 6. b3 c6 7. Bb2 Nbd7 8. c4
Re8 9. Nc3 e5 10. e4 exd4 11. Nxd4 Nc5 12. Re1 a5 13. a3 Qb6 14. Qc2 Ng4 15.
Rad1 Bd7 16. Na4 Nxa4 17. bxa4 Rad8 18. h3 Nf6 19. Nb3 Be6 20. Nd4 Bc8 21. Rb1
Qc7 22. Bc3 Nd7 23. Qd2 Nc5 24. Bxa5 Qe7 25. Bxd8 Rxd8 26. Nf3 Be6 27. Rbc1 Nxa4
28. Qc2 Nc5 29. Rcd1 h6 30. Nd4 Bc8 31. Nb3 Ne6 32. c5 dxc5 33. Rxd8+ Qxd8 34.
Nxc5 Nd4 35. Qd1 Qe7 36. Nb3 Nb5 37. a4 Nc3 38. Qc2 Nxa4 39. e5 Be6 40. Nd4 Nc5
41. Nxe6 Nxe6 42. Qd3 Nc5 43. Qd6 Qxd6 44. exd6 Bf8 45. d7 Nxd7 46. Rb1 Nc5 47.
Bf1 f5 48. Bg2 Kg7 49. Kf1 Kf6 50. Ke2 Bd6 51. h4 g5 52. hxg5+ hxg5 53. Rd1 Ke5
54. f4+ gxf4 55. gxf4+ Ke6 56. Kf3 Ne4 57. Bh3 b5 58. Re1 Kf6 59. Bxf5 Nd2+ 60.
Ke2 Kxf5 61. Kxd2 Bb4+ 62. Ke2 Bxe1 63. Kxe1 Kxf4 64. Kd2 Ke4 65. Kc3 c5 66. Kb3
c4+ 67. Kc3 Kd5 68. Kb4 Kd4 69. Kxb5 c3 0-1

[Event "Women's Speed Chess Q3"]
[Site "chess.com INT"]
[Date "2021.05.30"]
[Round "20"]
[White "Sviridova, Vlada"]
[Black "Nguyen, Hong Anh"]
[Result "1-0"]
[WhiteTitle "WFM"]
[BlackTitle "WIM"]
[WhiteElo "2144"]
[BlackElo "1993"]
[WhiteFideId "24109606"]
[BlackFideId "12406732"]
[EventDate "2021.05.30"]

1. d4 Nf6 2. c4 g6 3. Nc3 d5 4. cxd5 Nxd5 5. e4 Nxc3 6. bxc3 Bg7 7. Bc4 c5 8.
Ne2 O-O 9. O-O Nc6 10. Be3 Qc7 11. Rc1 Rd8 12. Bf4 Qd7 13. d5 Ne5 14. Bxe5 Bxe5
15. f4 Bg7 16. Ng3 b5 17. Be2 c4 18. Bf3 Bb7 19. Qd2 e6 20. Rcd1 exd5 21. exd5
Qd6 22. h4 Qa3 23. Ne2 Rd6 24. h5 Rad8 25. Qe3 Bxd5 26. Bxd5 Rxd5 27. Rxd5 Rxd5
28. hxg6 hxg6 29. Qe8+ Bf8 30. f5 Qc5+ 31. Nd4 Re5 32. Qa8 g5 33. f6 b4 34. Kh1
bxc3 35. Nc6 g4 36. Ne7+ Rxe7 37. fxe7 Qxe7 38. Qd5 c2 39. Qxc4 Qh4+ 40. Kg1 Qh7
41. Qxg4+ Qg7 42. Qxg7+ Kxg7 43. Rc1 Bc5+ 44. Kf1 Be3 45. Rxc2 Bb6 46. Ke2 Kg6
47. Kf3 Kg5 48. g4 f5 49. gxf5 Kxf5 50. Rc6 Ke5 51. Rh6 Kd5 52. Rh4 Kc5 53. Rg4
Kb5 54. a4+ Ka5 55. Ke2 Bc5 56. Kd3 Bb4 57. Kc4 Kxa4 58. Rg1 Ba3 59. Ra1 a6 60.
Ra2 a5 61. Rc2 Bb4 62. Ra2+ Ba3 63. Kc3 Kb5 64. Rxa3 a4 65. Ra2 Ka5 66. Kc4 1-0

[Event "Women's Speed Chess Q3"]
[Site "chess.com INT"]
[Date "2021.05.30"]
[Round "20"]
[White "Nurmanova, Alua"]
[Black "Paehtz, Elisabeth"]
[Result "0-1"]
[WhiteTitle "WFM"]
[BlackTitle "IM"]
[WhiteElo "2008"]
[BlackElo "2456"]
[WhiteFideId "13729390"]
[BlackFideId "4641833"]
[EventDate "2021.05.30"]

1. e4 g6 2. d4 Bg7 3. Nc3 d6 4. Be3 a6 5. Qd2 b5 6. Bd3 Nd7 7. Nf3 c5 8. a3 Ngf6
9. e5 Ng4 10. e6 fxe6 11. Ng5 Ndf6 12. dxc5 Nxe3 13. Qxe3 dxc5 14. Nxe6 Bxe6 15.
Qxe6 Qd6 16. Qxd6 exd6 17. O-O-O O-O-O 18. a4 c4 19. Be2 Rhe8 20. axb5 axb5 21.
Bf3 b4 22. Nd5 Nxd5 23. Rxd5 Kc7 24. Kb1 Re5 25. Rhd1 c3 26. Rxe5 Bxe5 27. b3
Re8 28. g3 Rf8 29. Rd3 h5 30. h4 Rf6 31. Kc1 Rf5 32. Kd1 g5 33. hxg5 Rxg5 34.
Ke2 Rf5 35. Rd5 Rf8 36. Bxh5 Kc6 37. Rd3 d5 38. f4 Bc7 39. Bf3 Rd8 40. Kf2 Kc5
41. Kg2 d4 42. f5 Re8 43. Kf2 Bd6 44. g4 Bf4 45. Rd1 Be3+ 46. Kg3 Bg5 47. Kf2
Re3 48. Rh1 d3 49. cxd3 Rxd3 50. Be4 Rd2+ 51. Kf3 Kd4 52. Rh5 Be7 53. f6 c2 54.
Rd5+ Kc3 55. Rxd2 Kxd2 0-1

[Event "Women's Speed Chess Q3"]
[Site "chess.com INT"]
[Date "2021.05.30"]
[Round "20"]
[White "Golubenko, Valentina"]
[Black "Agrest, Inna"]
[Result "0-1"]
[WhiteTitle "WGM"]
[BlackTitle "WIM"]
[WhiteElo "2209"]
[BlackElo "2285"]
[WhiteFideId "4501993"]
[BlackFideId "1708830"]
[EventDate "2021.05.30"]

1. d4 Nf6 2. g3 g6 3. Bg2 Bg7 4. c4 O-O 5. Nc3 d6 6. Nf3 Nbd7 7. O-O a6 8. d5 c5
9. dxc6 bxc6 10. Nd4 Ne5 11. Nxc6 Nxc6 12. Bxc6 Rb8 13. Qc2 Qc7 14. Bd5 e6 15.
Bg2 Qxc4 16. Bf4 Rd8 17. Rfd1 e5 18. Bg5 Bf5 19. e4 Be6 20. b3 Qc7 21. Qd2 Rbc8
22. Rac1 Qa7 23. Nd5 Bxd5 24. exd5 Qb7 25. Rxc8 Rxc8 26. Rc1 Rxc1+ 27. Qxc1 h5
28. Qc6 Qb4 29. Qc8+ Kh7 30. Qd8 Ne4 31. Be3 Qe1+ 32. Bf1 Nd2 33. Bxd2 Qxd2 34.
Qxd6 e4 35. Qc5 Bd4 36. Qxd4 Qxd4 37. Bc4 e3 38. fxe3 Qxe3+ 39. Kg2 Qd2+ 40. Kf3
Qxa2 41. Ke4 Qb1+ 42. Ke5 Qb2+ 43. Kd6 Qf6+ 44. Kc7 Qe7+ 45. Kc6 Qe8+ 46. Kc7 f5
47. d6 Qe5 48. Kc6 Qe4+ 49. Bd5 Qc2+ 50. Kb7 Qd3 51. Kc6 Qc3+ 52. Kb7 Qd4 53.
Kc6 Qb4 54. d7 Qb5+ 55. Kc7 Qxd5 56. d8=Q Qxd8+ 57. Kxd8 h4 58. Kc7 hxg3 59.
hxg3 g5 60. Kb6 f4 61. gxf4 gxf4 62. Kxa6 f3 63. b4 f2 64. b5 f1=Q 65. Kb6 Kg6
66. Kc6 Qc4+ 67. Kb6 Kf6 68. Ka5 Qa2+ 69. Kb6 Ke6 70. Kc7 Qc4+ 71. Kb6 Kd6 72.
Ka5 Qa2+ 73. Kb6 Qf2+ 74. Ka5 Qc5 75. Ka6 Kc7 76. b6+ Qxb6# 0-1

[Event "Women's Speed Chess Q3"]
[Site "chess.com INT"]
[Date "2021.05.30"]
[Round "20"]
[White "Vantika, Agrawal"]
[Black "Vo, Thi Kim Phung"]
[Result "1-0"]
[WhiteTitle "WIM"]
[BlackTitle "WGM"]
[WhiteElo "2286"]
[BlackElo "2335"]
[WhiteFideId "25050389"]
[BlackFideId "12401838"]
[EventDate "2021.05.30"]

1. d4 e6 2. c4 Nf6 3. g3 Bb4+ 4. Nd2 O-O 5. Bg2 d5 6. Nf3 dxc4 7. Qc2 c5 8. dxc5
Bxc5 9. O-O h6 10. Nxc4 Qe7 11. a3 a5 12. Bd2 Nc6 13. Rac1 Nd4 14. Nxd4 Bxd4 15.
Bxa5 e5 16. Bb4 Bc5 17. Nb6 Bxb4 18. Nxa8 Bd6 19. Nb6 Be6 20. Rfd1 Bb8 21. Nd5
Nxd5 22. Bxd5 Bg4 23. Bf3 Be6 24. Qc5 Qf6 25. Bxb7 e4 26. Bxe4 Qxb2 27. Qb4 Qxe2
28. Re1 Qh5 29. Qd4 Qa5 30. a4 Ba7 31. Qc3 Qb6 32. Qe3 Qa5 33. Qf3 Qxa4 34. Bd5
Bxd5 35. Qxd5 Qb4 36. Qf3 Qb6 37. Re7 Bb8 38. Kg2 Bd6 39. Rd7 Be5 40. h4 Bf6 41.
Rc6 Qb2 42. h5 Qe5 43. Rd5 Qb2 44. Rc4 Qa1 45. Rf4 Bg5 46. Rg4 Bf6 47. Rd1 Qb2
48. Re1 Bc3 49. Re3 Bf6 50. Ree4 Qa1 51. Ref4 Be5 52. Rf5 Bd6 53. Qd5 Be7 54.
Rgf4 Bg5 55. Rxf7 Rxf7 56. Qxf7+ Kh7 57. Qg6+ Kg8 58. Qe8+ Kh7 59. Qe4+ Kg8 60.
Rf3 Bf6 61. Rd3 1-0

[Event "Women's Speed Chess Q3"]
[Site "chess.com INT"]
[Date "2021.05.30"]
[Round "20"]
[White "Assaubayeva, Bibisara"]
[Black "Buksa, Nataliya"]
[Result "1-0"]
[WhiteTitle "IM"]
[BlackTitle "IM"]
[WhiteElo "2381"]
[BlackElo "2414"]
[WhiteFideId "13708694"]
[BlackFideId "14123622"]
[EventDate "2021.05.30"]

1. d4 d5 2. c4 e6 3. Nc3 Nf6 4. cxd5 exd5 5. Bg5 c6 6. e3 Nbd7 7. Bd3 h6 8. Bh4
g5 9. Bg3 Qe7 10. Qc2 Nh5 11. Nge2 Bg7 12. h4 Nxg3 13. Nxg3 Nb6 14. hxg5 hxg5
15. O-O-O Bg4 16. Rxh8+ Bxh8 17. Rh1 O-O-O 18. Bf5+ Bxf5 19. Qxf5+ Kb8 20. Rh7
Nc4 21. Rxf7 Qb4 22. Qc2 c5 23. Nge2 cxd4 24. Nxd4 Bxd4 25. exd4 Rh8 26. Qb3
Qxb3 27. axb3 Nb6 28. Rg7 Rh4 29. Ne2 Re4 30. Kd2 g4 31. Kd3 a6 32. Ng3 Rf4 33.
Ke3 Rf8 34. Rxg4 Nc8 35. Rg5 Ne7 36. Re5 Nc6 37. Rxd5 Re8+ 38. Kd2 Nb4 39. Re5
Rd8 40. Ne2 Nc6 41. Re4 Rg8 42. g4 Kc7 43. d5 Nb8 44. Ke3 Nd7 45. f3 Kd6 46. Nc3
Rh8 47. Re6+ Kc7 48. g5 Nc5 49. Rf6 Re8+ 50. Kf2 Nd3+ 51. Kg3 Ne5 52. f4 Nd7 53.
Rf7 Kd6 54. g6 Re3+ 55. Kg4 Re1 56. f5 Rg1+ 57. Kh5 Ne5 58. Rxb7 Rh1+ 59. Kg5
Rg1+ 60. Kf6 Ng4+ 61. Kg7 Ne5 62. Rb6+ Kc5 63. Re6 Nd7 64. f6 Kd4 65. f7 Nc5 66.
f8=Q Nxe6+ 67. dxe6 Kd3 68. Qf3+ Kd2 69. Qf2+ Kd3 70. Qxg1 1-0

[Event "Women's Speed Chess Q3"]
[Site "chess.com INT"]
[Date "2021.05.30"]
[Round "20"]
[White "Berend, Elvira"]
[Black "Pandey, Srishti"]
[Result "0-1"]
[WhiteTitle "WGM"]
[BlackTitle "WFM"]
[WhiteElo "2326"]
[BlackElo "2026"]
[WhiteFideId "4000510"]
[BlackFideId "35093290"]
[EventDate "2021.05.30"]

1. e4 e6 2. d4 d5 3. Nc3 Bb4 4. e5 c5 5. a3 Bxc3+ 6. bxc3 Ne7 7. Qg4 Qc7 8. Bd3
cxd4 9. Ne2 dxc3 10. Qxg7 Rg8 11. Qxh7 Qxe5 12. Bf4 Qf6 13. Bg3 Nbc6 14. Qh5 Bd7
15. Rb1 b6 16. O-O e5 17. Qh4 Qxh4 18. Bxh4 e4 19. Bb5 Ne5 20. Bxd7+ Kxd7 21.
Bxe7 Kxe7 22. Nxc3 Ke6 23. Rfd1 Rad8 24. Nb5 Rd7 25. Nd4+ Kf6 26. Kf1 Nc4 27. a4
Ke5 28. h3 f5 29. g3 f4 30. gxf4+ Kxf4 31. Rb3 Ke5 32. Rg3 Rdg7 33. Rxg7 Rxg7
34. Ke2 Rh7 35. Rh1 Rh4 36. Nc6+ Kd6 37. Nxa7 d4 38. Nb5+ Kc5 39. Rg1 Nb2 40.
Rg5+ Kc4 41. Nd6+ Kc3 42. Nb5+ Kxc2 43. Nxd4+ Kc3 44. Nb5+ Kb4 45. Nd4 Nxa4 46.
Nf5 Rxh3 47. Rg4 Kc5 48. Ng3 Nc3+ 49. Kf1 Kd4 50. Nf5+ Ke5 51. Ne3 b5 52. Rg5+
Kd4 53. Rg8 b4 54. Rd8+ Kc5 55. Rc8+ Kd6 56. Rb8 Kc5 57. Rc8+ Kb5 58. Rb8+ Ka4
59. Nc4 Nd5 60. Ra8+ Kb3 61. Nd2+ Kc2 62. Nxe4 b3 63. Rc8+ Nc3 64. Nxc3 Rxc3 65.
Rb8 b2 66. Kg2 Rc7 67. f4 Rf7 68. Kg3 b1=Q 69. Rxb1 Kxb1 70. Kg4 Kc2 71. Kg5 Kd3
72. f5 Ke4 73. f6 Ke5 74. Kg4 Rxf6 0-1

[Event "Women's Speed Chess Q3"]
[Site "chess.com INT"]
[Date "2021.05.30"]
[Round "20"]
[White "Dwilewicz, Katarzyna"]
[Black "Dworakowska, Joanna"]
[Result "0-1"]
[WhiteTitle "WFM"]
[BlackTitle "IM"]
[WhiteElo "2092"]
[BlackElo "2322"]
[WhiteFideId "1148486"]
[BlackFideId "1107445"]
[EventDate "2021.05.30"]

1. e4 c5 2. Nf3 d6 3. d4 cxd4 4. Nxd4 Nc6 5. Nc3 Nf6 6. Bg5 e6 7. Qd2 Be7 8.
O-O-O a6 9. f3 Bd7 10. h4 Rc8 11. g4 h5 12. gxh5 Nxh5 13. Rg1 Bxg5 14. Rxg5 Ne5
15. Kb1 Qe7 16. f4 Nc4 17. Bxc4 Rxc4 18. Qe2 Rxc3 19. bxc3 Nxf4 20. Qf1 Rxh4 21.
Rxg7 Qf6 22. Rg8+ Ke7 23. Ne2 Qe5 24. Nxf4 Rxf4 25. Qd3 Bb5 26. Qd4 Rxe4 27.
Qxe5 Rxe5 28. Rb8 Bc6 29. Rg1 Re2 30. Kb2 Be4 31. Kb3 Bxc2+ 32. Kc4 Be4 33. Rgg8
Rxa2 34. Kd4 Bd5 35. Rge8+ Kf6 36. c4 Ra4 37. Rec8 b5 38. Kc3 Bxc4 39. Rb6 d5
40. Rb7 Ra3+ 41. Kc2 Rf3 42. Rcc7 Ke5 43. Rxf7 Rxf7 44. Rxf7 a5 45. Rh7 a4 46.
Rh5+ Kd4 47. Rh4+ Kc5 48. Rh6 e5 49. Rh5 e4 50. Re5 b4 51. Re8 a3 52. Rc8+ Kd4
53. Re8 b3+ 54. Kb1 Kc3 55. Rc8 a2+ 56. Ka1 Kd2 57. Kb2 e3 58. Re8 e2 59. Rxe2+
Kxe2 60. Ka1 d4 61. Kb2 d3 62. Ka1 d2 63. Kb2 d1=Q 64. Ka3 Qd3 65. Kb2 a1=Q+ 66.
Kxa1 Qd2 67. Kb1 Bd3+ 68. Ka1 Qa2# 0-1

[Event "Women's Speed Chess Q3"]
[Site "chess.com INT"]
[Date "2021.05.30"]
[Round "20"]
[White "Voit, Daria"]
[Black "Padmini, Rout"]
[Result "1/2-1/2"]
[WhiteTitle "WGM"]
[BlackTitle "IM"]
[WhiteElo "2360"]
[BlackElo "2370"]
[WhiteFideId "4182146"]
[BlackFideId "5029295"]
[EventDate "2021.05.30"]

1. Nf3 c5 2. g3 Nf6 3. Bg2 g6 4. c4 Bg7 5. O-O O-O 6. d4 cxd4 7. Nxd4 d5 8. cxd5
Nxd5 9. Nc3 Nxc3 10. bxc3 Qa5 11. Qb3 e5 12. Nb5 Be6 13. c4 Nc6 14. Be3 Rfd8 15.
Rfd1 h6 16. Nd6 Qb4 17. Nxb7 Rxd1+ 18. Rxd1 Bxc4 19. Qxb4 Nxb4 20. Nd6 Rd8 21.
Bxa7 Bxa2 22. Bb6 Rd7 23. Bc5 Na6 24. Ba3 Bb3 25. Bc6 Bxd1 26. Bxd7 Nc7 27. Nc4
f6 28. Kf1 Bb3 29. Ne3 Bf7 30. Bd6 Ne6 31. Nd5 h5 32. Ne7+ Kh7 33. h4 Nf8 34.
Bc8 Be6 35. Bb7 Nd7 36. Bc6 Bh6 37. Nd5 Kg7 38. Be7 Bxd5 39. Bxd5 Bd2 40. Be6
Nf8 41. Bd5 f5 42. e3 e4 43. Ke2 Bc3 44. Bd6 Bf6 45. f3 exf3+ 46. Kxf3 Nd7 47.
Kf4 Nf8 48. Bc4 Nd7 49. Be6 Nb6 50. e4 fxe4 51. Kxe4 Na4 52. Kd3 Nb2+ 53. Kc2
Na4 54. Bc7 Nc3 55. Bc4 Ne4 56. Kd3 Nc5+ 57. Ke3 Nd7 58. Bd5 Ne5 59. Ke4 Ng4 60.
Bf4 Nh6 61. Be6 Nf7 62. Kf3 Be7 63. Bd7 Nd6 64. Ke3 Nf7 65. Ke4 Bd6 66. Be6 Bxf4
67. Kxf4 Nh6 68. Kg5 Nf7+ 69. Bxf7 Kxf7 70. Kh6 Kf6 71. Kh7 Kf7 72. Kh6 Kf6 73.
Kh7 Kf5 74. Kh6 Kf6 1/2-1/2

[Event "Women's Speed Chess Q3"]
[Site "chess.com INT"]
[Date "2021.05.30"]
[Round "20"]
[White "Pourkashiyan, Atousa"]
[Black "Koridze, Lile"]
[Result "1-0"]
[WhiteTitle "WGM"]
[BlackTitle "WFM"]
[WhiteElo "2322"]
[BlackElo "2016"]
[WhiteFideId "12502014"]
[BlackFideId "13612514"]
[EventDate "2021.05.30"]

1. e4 c5 2. Nf3 d6 3. d4 cxd4 4. Nxd4 Nf6 5. Nc3 Nc6 6. Bc4 e6 7. O-O Be7 8. Be3
O-O 9. f4 a6 10. Bb3 Qc7 11. Qf3 Rb8 12. Rae1 b5 13. e5 Nxd4 14. Bxd4 Bb7 15.
Qh3 dxe5 16. fxe5 Nd5 17. Nxd5 exd5 18. e6 Bc5 19. exf7+ Rxf7 20. Bxc5 Qxc5+ 21.
Kh1 Re7 22. Rd1 Rbe8 23. Qf3 Rd8 24. c3 h6 25. Rd4 Qc8 26. h3 Rf8 27. Qxf8+ Qxf8
28. Rxf8+ Kxf8 29. Bxd5 Re1+ 30. Kh2 Bxd5 31. Rxd5 Re2 32. Rd8+ Kf7 33. Ra8 Rxb2
34. Rxa6 Rc2 35. Ra5 Rxc3 36. Rxb5 Ra3 37. Rb2 Kf6 38. g3 Ke5 39. Kg2 Ke4 40. h4
g5 41. hxg5 hxg5 42. Kh3 Kf5 43. Rf2+ Ke4 44. Kg4 Re3 45. Rb2 Ra3 46. Re2+ Kd3
47. Rh2 Ke4 48. Rg2 Ra5 49. a4 Rxa4 50. Re2+ Kd3+ 51. Kf3 Ra8 52. Re7 Rf8+ 53.
Kg4 Rg8 54. Re5 Kd4 55. Rxg5 Rf8 56. Rf5 Rg8+ 57. Kf4 Ra8 58. g4 Ra1 59. Kg5 Rg1
60. Ra5 Ke4 61. Rb5 Rg2 62. Kh5 Kf4 63. Rf5+ Ke4 64. Rf8 Rh2+ 65. Kg6 Ke5 66. g5
Ke6 67. Kg7 Rg2 68. g6 Ke7 69. Rf3 Rg5 70. Re3+ Kd6 71. Kf7 Rf5+ 72. Kg8 Rg5 73.
g7 Rg1 74. Rh3 1-0